000 01093nam a2200229Ia 4500
001 18257
005 20260406121910.0
008 260306s9999||||xx |||||||||||||| ||und||
041 _aESP
082 _a658.402
_bCH548
100 _aChiavenato, Idalberto
_eAUT
245 0 _aComportamiento organizacional :
_bla dinámica del éxito en las organizaciones
260 _c2009
300 _axviii, 524 páginas :
_c27 cm.
650 _aGEN
654 _aCAN
856 _uhttps://0u213vapa-y-https-ebooks7--24-com.itmsp.museknowledge.com/?il=20753&pg=s9ml/chapter01/half.xhtml#data-uuid-4070f96737ab455e8e5753beda2dd3e9
_zVersión digital (2022)
856 _uhttps://0u213var9-y-https-ebooks7--24-com.itmsp.museknowledge.com/biblioteca.aspx
_zVéase además: Base de datos Ebook7-24
856 _uhttps://0u20fvas0-y-https-research-ebsco-com.itmsp.museknowledge.com/c/qxo6us/search
_zVéase además: Base de datos EBSCOhost
856 _uhttps://0u20yvart-y-https-www-bibliotechnia-com-mx.itmsp.museknowledge.com/
_zVéase además: Base de datos BiblioTechnia
942 _cLIB
_dJUS
_fJUS
_2ddc
999 _c18257
_d18257